000 01163nam a22003017a 4500
005 2010091802302.0
008 100915t xxu||||| |||| 00| 0 hin d
010 _aHIN-91974
020 _c300.00
_a9788173231865
035 _aHN-64320
037 _bDBAD / PUB
040 _aDPL
_bHN
082 _a
100 _920178
_aमिश्र, चन्द्र दत्त
110 _926418
245 _aदोषमुक्तिः
_cचन्द्र दत्त मिश्र
_bउपन्यास /
246 _aDoshmukti
_bby Chandra Dutt Misra
260 _aलखनऊ
_bसुलभ प्रकाशन
_c2010
270 _a17, अशोक मार्ग
_bलखनऊ
_k0522- 22880381
300 _a279पृ.
_c22सेमी (सजिल्द)
650 _91159
_aहिन्दी कथा साहित्य
650 _926117
_aHindi Novel
700 _920179
700 _920333
700 _920540
942 _2ddc
_cHN
_mमिश्रच
_h
999 _c50916
_d50916